000 02514nam0a2200397 4500
001 RU\NLR\BIBL_A\012325311
005 20210402165913.0
010 _a978-5-8119-0797-7
_9100
021 _aRU
_bКН-П-20-023638
_9КН-П-20-1845
035 _a(NLR Aleph) 012325311
035 _a(RuMoRGB)010331067
090 _a11442686
_c11442686
100 _a20200901d2018 u y0rusy50 ca
101 0 _arus
102 _aRU
105 _aa|||z|||000zy
181 0 _ai
_baxxe
182 0 _an
200 1 _aРеновация и утилизация судовой техники
_eучебное пособие
_e[по направлению подготовки "Кораблестроение, океанотехника и Системотехника объектов морской инфраструктуры", профиль: "Кораблестроение"]
_fЛ. К. Арабьян, С. Н. Иванчик, В. И. Кузьмин [и др.]
_gМинистерство транспорта Российской Федерации, ФГБОУ ВО Новосибирская государственная академия водного транспорта
203 _aТекст
_bвизуальный
_cнепосредственный
210 _aНовосибирск
_cСибирский государственный университет водного транспорта
_d2018
215 _a154 с.
_cил., табл.
_d21
313 _aПо изд. 2014 г. Судоремонт и утилизая подводных лодок
320 _aБиблиогр.: с. 150 (12 назв.)
606 1 _aСуда
_jУчебные издания для высших учебных заведений
_xРемонт
_91226083
_3RU\NLR\AUTH\66181286
606 1 _aАтомные подводные лодки
_jУчебные издания для высших учебных заведений
_xУтилизация
_92361794
_3RU\NLR\AUTH\661410303
686 1 _aО42-083я73-1
686 1 _aЦ661.11я73-1
701 1 _aАрабьян
_bЛ. К.
_gЛевон Карапетович
701 1 _aИванчик
_bС. Н.
_f1962-
_gСергей Николаевич
701 1 _7ca
_8rus
_aКузьмин
_bВ. И.
_cканд. техн. наук, судостроение
_gВиктор Иванович
_9228622
_3RU\NLR\AUTH\770228678
942 _cBOOK
980 _aNBR
980 _aNB